[Event "EU-chT Seniors 12th"]
[Site "Dresden"]
[Date "2010.02.12"]
[Round "3"]
[White "Muratoglu, Salih"]
[Black "Neubert, Gerhard"]
[Result "1-0"]
[WhiteElo "2083"]
[BlackElo "1997"]
[PlyCount "31"]
[EventDate "2010.02.10"]
[EventType "team-swiss"]
[EventRounds "9"]
[EventCountry "GER"]
[SourceTitle "CBM 134 Extra"]
[Source "ChessBase"]
[SourceDate "2010.03.03"]
[SourceVersion "1"]
[SourceVersionDate "2010.03.03"]
[SourceQuality "1"]
[WhiteTeam "Turkey (Seniors)"]
[BlackTeam "Stiftung BSW/DBAG (Seniors) II"]
[WhiteTeamCountry "TUR"]
[BlackTeamCountry "GER"]

1. d4 e6 2. c4 f5 3. Nc3 Nf6 4. Nf3 c6 5. Bg5 d5 6. e3 Be7 7. Ne5 0-0 8. Bd3 Ne4 9. Bxe7 Qxe7 10. 0-0 Nd7 11. f4 Nxe5 12. fxe5 Bd7 13. Qe2 Rac8 14. Rad1 Rfd8 15. c5 Kh8 16. Na4 1-0

[Event "EU-chT Seniors 10th"]
[Site "Dresden"]
[Date "2008.02.12"]
[Round "2.4"]
[White "Wood, Peter R"]
[Black "Neubert, Gerhard"]
[Result "1/2-1/2"]
[WhiteElo "1942"]
[BlackElo "1835"]
[PlyCount "59"]
[EventDate "2008.02.11"]
[EventType "team-swiss"]
[EventRounds "9"]
[EventCountry "GER"]
[SourceTitle "CBM 122 Extra"]
[Source "ChessBase"]
[SourceDate "2008.03.04"]
[SourceVersion "1"]
[SourceVersionDate "2008.03.04"]
[SourceQuality "1"]
[WhiteTeam "England IV"]
[BlackTeam "Bahn Sozialwerk"]
[WhiteTeamCountry "ENG"]
[BlackTeamCountry "GER"]

1. d4 d5 2. c4 c6 3. Nf3 e6 4. Nc3 f5 5. Bf4 Nf6 6. e3 Be7 7. Bxb8 Rxb8 8. Ne5 0-0 9. Be2 Nd7 10. Nxd7 Bxd7 11. f4 Kh8 12. c5 b6 13. b4 bxc5 14. bxc5 Qa5 15. Qc2 Qa3 16. Kf2 Rb4 17. Rhb1 Rfb8 18. Rxb4 Rxb4 19. Rb1 Kg8 20. Rxb4 Qxb4 21. Qb3 Qxb3 22. axb3 Kf8 23. Ba6 Ke8 24. b4 Kd8 25. Nb1 Be8 26. Bd3 Kc7 27. Nd2 Bd7 28. Nf3 Be8 29. Bc2 h6 30. Ba4 1/2-1/2

[Event "Sachsen-ch Seniors"]
[Site "Dresden"]
[Date "2007.08.??"]
[Round "9"]
[White "Gudath, Reiner"]
[Black "Neubert, Gerhard"]
[Result "1-0"]
[WhiteElo "2062"]
[BlackElo "1863"]
[PlyCount "75"]
[EventDate "2007.07.28"]
[EventType "swiss"]
[EventRounds "9"]
[EventCountry "GER"]
[SourceTitle "EXT 2008"]
[Source "ChessBase"]
[SourceDate "2007.11.25"]
[SourceVersion "1"]
[SourceVersionDate "2007.11.25"]
[SourceQuality "1"]

1. c4 e6 2. Nf3 d5 3. g3 c6 4. b3 Nf6 5. Bg2 Be7 6. 0-0 Nbd7 7. Bb2 0-0 8. d3 Rb8 9. Nbd2 c5 10. cxd5 exd5 11. d4 b6 12. Qc2 Bb7 13. Rac1 Bd6 14. Rfe1 Re8 15. Nh4 Rc8 16. Qd1 g6 17. e3 Bb8 18. Bh3 Rc7 19. Nhf3 Ne4 20. Ne5 f5 21. Bg2 cxd4 22. Rxc7 Bxc7 23. Nxd7 Qxd7 24. Bxd4 Bd6 25. Nxe4 fxe4 26. Qd2 Qe7 27. Rc1 Ba3 28. Rc2 Ba6 29. Bf1 Bb7 30. Ba1 h5 31. Qd4 Kh7 32. Bb5 Rf8 33. Qe5 Qxe5 34. Bxe5 Bc5 35. b4 Rc8 36. bxc5 bxc5 37. Rb2 a6 38. Bd7 1-0

[Event "EU-chT Seniors 09th"]
[Site "Dresden"]
[Date "2007.02.19"]
[Round "4"]
[White "Neubert, Gerhard"]
[Black "Wilson, Peter JB"]
[Result "1-0"]
[WhiteElo "1835"]
[BlackElo "2044"]
[PlyCount "63"]
[EventDate "2007.02.16"]
[EventType "team-swiss"]
[EventRounds "9"]
[EventCountry "GER"]
[SourceTitle "CBM 117 Extra"]
[Source "ChessBase"]
[SourceDate "2007.05.09"]
[SourceVersion "1"]
[SourceVersionDate "2007.05.09"]
[SourceQuality "1"]

1. Nf3 f5 2. c4 e6 3. d4 Nf6 4. e3 Be7 5. Bd3 0-0 6. 0-0 b6 7. Nc3 Bb7 8. Qe2 Bb4 9. Bd2 Bxc3 10. Bxc3 Be4 11. Nd2 Bxd3 12. Qxd3 Qe8 13. Rae1 Qg6 14. f3 a5 15. e4 fxe4 16. fxe4 Nc6 17. Qe2 Qg4 18. Nf3 Rae8 19. Qc2 Qg6 20. Qb1 Nd8 21. Ne5 Qh5 22. Rf3 d6 23. Rh3 Qg5 24. Nf3 Qg6 25. Rg3 Qf7 26. Ng5 Qe7 27. e5 dxe5 28. dxe5 h6 29. exf6 Qc5+ 30. Kh1 hxg5 31. Rh3 Qf5 32. fxg7 1-0

[Event "Sachsen-ch Seniors 13th"]
[Site "Dresden"]
[Date "2004.07.19"]
[Round "6"]
[White "Reese, August Ernst"]
[Black "Neubert, Gerhard"]
[Result "1/2-1/2"]
[WhiteElo "2135"]
[BlackElo "2085"]
[PlyCount "38"]
[EventDate "2004.07.15"]
[EventType "swiss"]
[EventRounds "9"]
[EventCountry "GER"]
[SourceTitle "EXT 2006"]
[Source "ChessBase"]
[SourceDate "2005.11.24"]
[SourceVersion "1"]
[SourceVersionDate "2005.11.24"]
[SourceQuality "1"]

1. Nf3 d5 2. c4 Nf6 3. d4 e6 4. g3 Bb4+ 5. Bd2 Qe7 6. Bg2 0-0 7. a3 Bxd2+ 8. Nbxd2 b6 9. 0-0 Nbd7 10. b4 Bb7 11. Rc1 Rfc8 12. Qb3 c6 13. h3 b5 14. c5 e5 15. dxe5 Nxe5 16. Nxe5 Qxe5 17. Nf3 Qe7 18. Nd4 g6 19. e4 h6 1/2-1/2

[Event "Kaiserbrunnen op 1st"]
[Site "Brakel"]
[Date "2003.10.31"]
[Round "2"]
[White "Penndorf, Dietrich"]
[Black "Neubert, Gerhard"]
[Result "1/2-1/2"]
[WhiteElo "1742"]
[BlackElo "2075"]
[PlyCount "29"]
[EventDate "2003.07.??"]
[EventType "swiss"]
[EventRounds "9"]
[EventCountry "GER"]
[SourceTitle "EXT 2006"]
[Source "ChessBase"]
[SourceDate "2005.11.24"]
[SourceVersion "1"]
[SourceVersionDate "2005.11.24"]
[SourceQuality "1"]

1. e4 e6 2. d4 d5 3. e5 c5 4. c3 Nc6 5. Nf3 Qb6 6. Bd3 Bd7 7. dxc5 Bxc5 8. 0-0 a5 9. Qe2 f5 10. exf6 Nxf6 11. Nbd2 a4 12. Ne5 Nxe5 13. Qxe5 0-0 14. Nf3 h6 15. h3 1/2-1/2

[Event "GER-chT Seniors 12th"]
[Site "Finsterbergen"]
[Date "2003.08.16"]
[Round "7.4"]
[White "Neubert, Gerhard"]
[Black "Moschell, Hans Helmut"]
[Result "0-1"]
[WhiteElo "1951"]
[BlackElo "1873"]
[PlyCount "93"]
[EventDate "2003.08.10"]
[EventType "team"]
[EventRounds "7"]
[EventCountry "GER"]
[SourceTitle "EXT 2012"]
[Source "ChessBase"]
[SourceDate "2011.11.24"]
[SourceVersion "1"]
[SourceVersionDate "2011.11.24"]
[SourceQuality "1"]
[WhiteTeam "Sachsen"]
[BlackTeam "Mecklenburg Vorpommern"]
[WhiteTeamCountry "GER"]
[BlackTeamCountry "GER"]

1. f4 Nf6 2. Nf3 g6 3. e3 Bg7 4. c4 0-0 5. Nc3 d5 6. d4 c6 7. Bd3 e6 8. b3 Na6 9. a3 c5 10. 0-0 b6 11. Qe2 Nc7 12. Rb1 Bb7 13. Rd1 Qe7 14. dxc5 bxc5 15. Qc2 Rfd8 16. a4 Na6 17. Ba3 Nb4 18. Bxb4 cxb4 19. Nb5 Ng4 20. Qe2 a6 21. Nbd4 e5 22. fxe5 Nxe5 23. Nxe5 Bxe5 24. Nf3 Bc7 25. Re1 Re8 26. cxd5 Bxd5 27. e4 Bb7 28. Rbc1 Bb6+ 29. Kh1 a5 30. Bc4 h6 31. e5 Kh7 32. e6 f6 33. Rcd1 Red8 34. Rxd8 Rxd8 35. Rd1 Rxd1+ 36. Qxd1 Bxf3 37. Qxf3 h5 38. g3 Kh6 39. Kg2 Kg7 40. Qe4 f5 41. Qe5+ Kh6 42. Qd5 Kg7 43. Kf3 Qc5 44. Qd7+ Kh6 45. Qd2+ g5 46. h4 f4 47. hxg5+ 0-1

[Event "GER-chT Seniors 12th"]
[Site "Finsterbergen"]
[Date "2003.08.13"]
[Round "4.4"]
[White "Scheide, Helmut"]
[Black "Neubert, Gerhard"]
[Result "1-0"]
[WhiteElo "2013"]
[BlackElo "1951"]
[PlyCount "89"]
[EventDate "2003.08.10"]
[EventType "team"]
[EventRounds "7"]
[EventCountry "GER"]
[SourceTitle "EXT 2012"]
[Source "ChessBase"]
[SourceDate "2011.11.24"]
[SourceVersion "1"]
[SourceVersionDate "2011.11.24"]
[SourceQuality "1"]
[WhiteTeam "Brandenburg II"]
[BlackTeam "Sachsen"]
[WhiteTeamCountry "GER"]
[BlackTeamCountry "GER"]

1. d4 e6 2. c4 f5 3. Nf3 Nf6 4. g3 Be7 5. Bg2 0-0 6. Nc3 c6 7. d5 cxd5 8. cxd5 Bb4 9. dxe6 dxe6 10. Bd2 Nc6 11. a3 Bxc3 12. Bxc3 Ne4 13. Qc2 Qb6 14. 0-0 Rd8 15. e3 Bd7 16. Rad1 Be8 17. Rxd8 Rxd8 18. Nd4 Nxc3 19. bxc3 Nxd4 20. cxd4 Qd6 21. Bxb7 Qxa3 22. Qc7 Qd6 23. Qa5 Qb6 24. Ra1 Rd7 25. Bc8 Qxa5 26. Rxa5 Re7 27. Ra6 Kf7 28. d5 exd5 29. Bxf5 g6 30. Bd3 Rc7 31. Kg2 Bd7 32. e4 dxe4 33. Bxe4 Be6 34. Bd3 Bd5+ 35. f3 Ke7 36. Kf2 Be6 37. h4 Bc8 38. Ra5 Kd6 39. h5 Bf5 40. Bxf5 gxf5 41. Rxf5 Rc5 42. Rxc5 Kxc5 43. Ke2 Kd4 44. Kd2 a5 45. g4 1-0

[Event "GER North-ch Seniors 6th"]
[Site "Bad Bevensen"]
[Date "2003.06.22"]
[Round "2"]
[White "Klein, Leo"]
[Black "Neubert, Gerhard"]
[Result "0-1"]
[WhiteElo "1853"]
[BlackElo "1994"]
[PlyCount "82"]
[EventDate "2003.06.??"]
[EventType "swiss"]
[EventRounds "9"]
[EventCountry "GER"]
[SourceTitle "EXT 2006"]
[Source "ChessBase"]
[SourceDate "2005.11.24"]
[SourceVersion "1"]
[SourceVersionDate "2005.11.24"]
[SourceQuality "1"]

1. d4 e6 2. Bf4 Nf6 3. e3 c5 4. c3 cxd4 5. exd4 Nc6 6. Nd2 d5 7. Bd3 Be7 8. Ngf3 a6 9. Ne5 Bd7 10. 0-0 Rc8 11. Ndf3 0-0 12. Rc1 b5 13. a4 Na5 14. Nxd7 Qxd7 15. Ne5 Qb7 16. Qe2 Nc4 17. axb5 axb5 18. Rfe1 Ra8 19. b3 Nd6 20. Ng4 Nxg4 21. Qxg4 Ne8 22. Qh3 g6 23. Bh6 Ng7 24. Qf3 Rfc8 25. g4 Ra3 26. Qd1 Ne8 27. Ra1 Rxc3 28. Rxa3 Bxa3 29. Qe2 Rxb3 30. Qc2 Rb2 31. Qc3 Qe7 32. Qc6 Bd6 33. Ra1 Nc7 34. Bxb5 f5 35. Bf1 Rb8 36. gxf5 exf5 37. Kh1 Kf7 38. Bg2 Rg8 39. Kg1 Rd8 40. Bf3 Qh4 41. Bg2 Qxh6 0-1

[Event "Bad Sooden-Allendorf Seniors op 15th"]
[Site "Bad Sooden-Allendorf"]
[Date "2003.05.04"]
[Round "6"]
[White "Neubert, Gerhard"]
[Black "Schneider, Georg"]
[Result "0-1"]
[WhiteElo "1980"]
[BlackElo "2022"]
[PlyCount "98"]
[EventDate "2003.05.??"]
[EventType "swiss"]
[EventRounds "9"]
[EventCountry "GER"]
[SourceTitle "EXT 2006"]
[Source "ChessBase"]
[SourceDate "2005.11.24"]
[SourceVersion "1"]
[SourceVersionDate "2005.11.24"]
[SourceQuality "1"]

1. e4 c5 2. Nf3 d6 3. d4 cxd4 4. Nxd4 Nf6 5. Nc3 a6 6. Be2 e5 7. Nb3 Be6 8. Bg5 Be7 9. 0-0 Nbd7 10. Kh1 h6 11. Bh4 0-0 12. Bf3 Rc8 13. Bxf6 Nxf6 14. Nd5 Nxd5 15. exd5 Bd7 16. Be2 Qc7 17. c4 Qb6 18. f4 exf4 19. Rxf4 Bf6 20. Rxf6 gxf6 21. Qd2 Rfe8 22. Nd4 Re4 23. Rd1 Rce8 24. Bf1 Bg4 25. Nf3 Qe3 26. h3 Bxf3 27. gxf3 Rf4 28. Qg2+ Kh8 29. Rd3 Qe1 30. Rd2 Rg8 31. Qe2 Qg3 32. Bg2 Rxc4 33. Rd1 Rh4 34. Qf1 Rh5 35. f4 Rh4 36. Rd3 Qg6 37. Rd2 Qf5 38. Rf2 Rgg4 39. Qe2 Rg3 40. Rf3 Rxf3 41. Qxf3 Rxf4 42. Qb3 b5 43. Qa3 Rd4 44. Qxd6 Rd1+ 45. Kh2 Qe5+ 46. Qxe5 fxe5 47. Kg3 f5 48. Bf3 Rd3 49. Kf2 e4 0-1

[Event "Bad Sooden-Allendorf Seniors op 15th"]
[Site "Bad Sooden-Allendorf"]
[Date "2003.05.02"]
[Round "4"]
[White "Neubert, Gerhard"]
[Black "Raedeker, Bernd"]
[Result "1/2-1/2"]
[WhiteElo "1980"]
[BlackElo "2173"]
[PlyCount "24"]
[EventDate "2003.05.??"]
[EventType "swiss"]
[EventRounds "9"]
[EventCountry "GER"]
[SourceTitle "EXT 2006"]
[Source "ChessBase"]
[SourceDate "2005.11.24"]
[SourceVersion "1"]
[SourceVersionDate "2005.11.24"]
[SourceQuality "1"]

1. e4 e6 2. d4 d5 3. Nc3 Nf6 4. e5 Nfd7 5. f4 c5 6. Nf3 Nc6 7. Be3 Be7 8. Be2 0-0 9. dxc5 Nxc5 10. Nd4 Nxd4 11. Bxd4 b6 12. Qd2 Bb7 1/2-1/2

[Event "Wch Seniors 12th"]
[Site "Naumburg"]
[Date "2002.10.29"]
[Round "7"]
[White "Dornieden, Manfred"]
[Black "Neubert, Gerhard"]
[Result "1-0"]
[WhiteElo "2299"]
[BlackElo "1976"]
[PlyCount "93"]
[EventDate "2002.10.21"]
[EventType "swiss"]
[EventRounds "11"]
[EventCountry "GER"]
[SourceTitle "EXT 2006"]
[Source "ChessBase"]
[SourceDate "2005.11.24"]
[SourceVersion "1"]
[SourceVersionDate "2005.11.24"]
[SourceQuality "1"]

1. c4 e5 2. g3 Nc6 3. Bg2 g6 4. Nc3 Bg7 5. d3 Nge7 6. Nf3 0-0 7. h4 d5 8. cxd5 Nxd5 9. Bg5 Nxc3 10. bxc3 Qd6 11. Nd2 f6 12. Ne4 Qd8 13. Qb3+ Kh8 14. Bd2 Qe7 15. h5 gxh5 16. Rxh5 Qf7 17. Qxf7 Rxf7 18. Rb1 Bf8 19. Be3 Nd8 20. Kd2 Bg4 21. Rh4 Be6 22. c4 Bf5 23. Nc3 c6 24. Be4 Bxe4 25. Nxe4 Ne6 26. Rbh1 Be7 27. Rh6 Re8 28. Kc2 Nd4+ 29. Bxd4 exd4 30. g4 Rg8 31. f3 Rgg7 32. Ng3 Kg8 33. Nf5 Rg6 34. Rxg6+ hxg6 35. Nh6+ Kg7 36. Nxf7 Kxf7 37. Rh7+ Ke6 38. Rg7 g5 39. a4 a5 40. c5 Bxc5 41. Rxb7 f5 42. gxf5+ Kxf5 43. Rc7 Bb4 44. Rxc6 g4 45. fxg4+ Kxg4 46. Rc4 Bc3 47. Rxc3 1-0

[Event "GER North-ch Seniors 5th"]
[Site "Bad Bevensen"]
[Date "2002.06.29"]
[Round "8"]
[White "Rychlik, Kurt"]
[Black "Neubert, Gerhard"]
[Result "0-1"]
[WhiteElo "1796"]
[BlackElo "1988"]
[PlyCount "152"]
[EventDate "2002.06.??"]
[EventType "swiss"]
[EventRounds "9"]
[EventCountry "GER"]
[SourceTitle "EXT 2006"]
[Source "ChessBase"]
[SourceDate "2005.11.24"]
[SourceVersion "1"]
[SourceVersionDate "2005.11.24"]
[SourceQuality "1"]

1. d4 Nf6 2. c4 e6 3. Nf3 b6 4. g3 Bb7 5. Bg2 d5 6. cxd5 exd5 7. 0-0 Bd6 8. Nc3 a6 9. Bg5 h6 10. Bd2 Nbd7 11. Nh4 Ne4 12. Nf5 Bf8 13. Nxe4 dxe4 14. Qc2 Nf6 15. Rac1 g6 16. Qxc7 Qxc7 17. Rxc7 Bd5 18. Ne3 Bxa2 19. Rc6 Bg7 20. Rxb6 0-0 21. Ra1 Nd5 22. Nxd5 Bxd5 23. e3 Rfb8 24. Rxb8+ Rxb8 25. Bc3 Rb6 26. Ra5 Bb7 27. Kf1 Bf8 28. Ke1 Bb4 29. Ra1 Bd5 30. Bf1 a5 31. Be2 Kg7 32. Kd1 Bb3+ 33. Kd2 Bd5 34. Kc2 Rf6 35. Rf1 Kf8 36. Bb5 Rb6 37. Be2 Rf6 38. Bxb4+ axb4 39. b3 Rc6+ 40. Kb2 Ke7 41. Bd1 Rc3 42. Bc2 Rc6 43. Ra1 Rf6 44. f4 exf3 45. e4 f2 46. Rf1 Be6 47. e5 Rf3 48. Be4 Bh3 49. d5 Bxf1 50. d6+ Ke6 51. Bd5+ Kd7 52. Bxf3 Bb5 53. Bg4+ Kd8 54. Bh3 f1Q 55. Bxf1 Bxf1 56. Kc2 Kd7 57. Kd2 f6 58. exf6 Kxd6 59. Ke3 Ke6 60. Kd4 Kxf6 61. Kc5 Ke5 62. Kxb4 Ke4 63. Kc5 Kf3 64. Kd4 Kg2 65. Ke5 Kxh2 66. Kf6 g5 67. Kg6 g4 68. Kxh6 Kxg3 69. Kg5 Kf3 70. b4 g3 71. Kh4 g2 72. Kg5 g1Q+ 73. Kf5 Qb6 74. Ke5 Qxb4 75. Kd5 Qc4+ 76. Ke5 Qc5+ 0-1